000 00321nam a2200109Ia 4500
005 20251222154440.0
008 251222s9999||||xx |||||||||||||| ||spa||
020 _a978-9972-787-29-4
082 _a363.73/C76P
245 0 _aY por dónde comenzamos? Prioridades de la Comunidad Andina ante el cambio climético
942 _cLIB
999 _c36761
_d36761